000 00691nam a22002177a 4500
999 _c10374
_d10374
003 AR-CdUCM
008 190401b ||||| |||| 00| 0 spa d
040 _aMUNICIPALIDAD PROVINCIAL DEL CUSCO
_cBIBLIOTECA MUNICIPAL DEL CUSCO
082 _24ed.
_aES / 800 /
_bV24
100 _aValmiki
_920989
245 _aEl Ramayana /
260 _aBarcelona :
_bAraluce ;
_c1961.
300 _a156 páginas ;
_c15cm
_bIlustraciones
440 _aColección Araluce
_n72
_927185
505 _aContenido: Novela
650 _aNovela
_9572
650 _aLiteratura juvenil
_91580
700 _aEulate, Carmela (adaptación española para la juventud)
_927186
942 _2ddc
_cLIBROS
945 _anom